Quick Pick: Children's Book Series Authors Quiz Stats

 Plays Quiz Updated Jun 27, 2017

Support Sporcle.
Go Orange.
Score 0/10 Timer 01:30
0 Plays Today
% Correct
A Series of Unfortunate Events
90.5%
Little House on the Prairie
85.4%
Goosebumps
82.8%
Ramona Quimby
58.5%
Nancy Drew
55.6%
The Hardy Boys
51.6%
The Boxcar Children
42.7%
Magic Tree House
38.4%
Amelia Bedelia
37.6%
Junie B. Jones
37.1%

Today's Daily Dose

Missing Word
'Y-Z' Pairs

Quick Pick
MCU Directors

You're not logged in!

Compare scores with friends on all Sporcle quizzes.
OR
Log In
Forgot?

From the Vault

Verbose Movie Titles II

by MFN76

We can't imagine that movie marquees have enough letters to add these titles
Remove Ads.
Support Sporcle.
Get the best of Sporcle when you Go Orange. This ad-free experience offers more features, more stats, and more fun while also helping to support Sporcle. Thank you for becoming a member.

Show Comments

Extras

Top Quizzes Today


Score Distribution

Your Account Isn't Verified!

In order to create a playlist on Sporcle, you need to verify the email address you used during registration. Go to your Sporcle Settings to finish the process.

Report this User

Report this user for behavior that violates our Community Guidelines.

Details: